000 00241nam a22001097a 4500
040 _cSY
082 _a571
100 _aជួប ថុល
245 _aកាយវិភាគវិទ្យា
260 _aRUA
_bជួប
_cNA
942 _cEK
999 _c9927
_d9927